| 000 | 01144nam a22002057a 4500 | ||
|---|---|---|---|
| 999 |
_c59014 _d59014 |
||
| 003 | Ge_BSU | ||
| 005 | 20221031123742.0 | ||
| 008 | 221031s2007 ge ||||| |||| 00| 0 geo d | ||
| 020 | _a9789942001758 | ||
| 041 | _ageo | ||
| 080 | _a336.71(075.8) ქ-69 | ||
| 100 |
_aქოქიაური, ლამარა _93369 |
||
| 245 |
_aსაბანკო საქმიანობის საფუძვლები : (საბანკო საქმე) : [2 ტომად : _bტ. 1. სახელმძღვანელო ეკონომიკური პროფილის უმაღლესი სასწავლებლებისათვის] / _cლამარა ქოქიაური ; [რედ. გივი გამსახურდია]. |
||
| 250 | _aმე-2 გამოც. | ||
| 264 |
_aთბილისი : _bთბილ. უნ-ტის გამ-ბა, _c2007. |
||
| 300 |
_a1018 გვ.; _b21 სმ. |
||
| 653 | _aსაბანკო საქმე | ||
| 700 |
_aგამსახურდია, გივი _eრედაქტორი _915599 |
||
| 942 |
_2udc _cBK |
||